000
00262nam a22001097a 4500
005
20250917114343.0
100
_a
Satheesh Chandran, M.g.
245
_a
Chila Jaalakakkazhchakal
260
_b
Rubber, 712(september)
_c
2025
300
_a
16-19
_b
Malayalam
942
_c
JS
999
_c
75572
_d
75572